| 000 | 00422cam a2200181ua 4500 | ||
|---|---|---|---|
| 020 | _c7.50 | ||
| 041 |
_aeng _h |
||
| 082 |
_a954 _bMOR/IN |
||
| 100 | _aMoraes, Frank . | ||
| 245 |
_aIndia today / _cFrank Moraes. _hTextual Documents |
||
| 250 |
_a1 / _b. |
||
| 260 |
_aNew York : _bMcMillan Publishing Co , _c1960. |
||
| 300 | _a248 ; . | ||
| 365 | _a7.50 | ||
| 504 | _a | ||
| 942 | _cBK | ||
| 999 |
_c5718 _d5718 |
||